Statistics for Teams Lionel Messi has scored against in Champions League

Click here to take the quiz!

General Stats

  • This quiz has been taken 474 times
  • The average score is 18 of 29

Answer Stats

Club FromGoalsAnswer% Correct
Italy8AC Milan
95%
Germany4Bayern Munich
94%
England2Manchester United
94%
England9Arsenal
92%
England6Manchester City
92%
France4Paris Saint Germain
92%
Scotland8Celtic
86%
Italy2Juventus
86%
Netherlands6Ajax
85%
England3Chelsea
83%
Spain2Real Madrid
72%
France3Olympique Lyon
71%
Germany7Bayer Leverkusen
68%
Italy2AS Roma
62%
Scotland1Rangers FC
58%
Greece1Olympiacos
56%
Portugal1Sporting Lisbon
56%
Ukraine3Shakhtar Donetsk
48%
Switzerland2FC Basel
47%
Ukraine2Dynamo Kiev
44%
Cyprus3APOEL Nicosia
41%
Denmark3FC Copenhagen
41%
Russia4Spartak Moscow
41%
Greece4Panathinaikos
37%
Belarus2BATE Borisov
29%
Germany1Werder Bremen
26%
Germany3Stuttgart
25%
Czech Republic3Viktoria Plzen
23%
Germany1Borussia Mönchengladbach
10%

Score Distribution

Percentile by Number Answered

Percent of People with Each Score

Your Score History

You have not taken this quiz